Keys to caring : assisting your gay and lesbian clients /

שמור ב:
מידע ביבליוגרפי
מחברים אחרים: Kus, Robert J.
פורמט: ספר
שפה:אנגלית
יצא לאור: Boston : Alyson Publications, c1990
תגים: הוספת תג
אין תגיות, היה/י הראשונ/ה לתייג את הרשומה!

MARC

LEADER 00000nam a22000007i 4500
001 IT\ICCU\UBO\3365403
003 ItRI
005 20260115231829.0
008 080201s1990 xxu|||||| ||||| |||||c
020 |a 0932870864 
040 |b ita  |c importazione bologna sebina 
041 7 |a eng  |2 ISO-639-2 
245 0 0 |a Keys to caring :  |b assisting your gay and lesbian clients /  |c Robert J. Kus. 
260 |a Boston :  |b Alyson Publications,  |c c1990 
300 |a 362 p. ;  |c 21 cm. 
700 1 |a Kus, Robert J.  |0 IT\ICCU\UBOV\221625 
942 |2 ddc  |c BK  |n 0 
952 |0 0  |1 0  |4 0  |6 DOC_616_891000000000000_KUS  |7 0  |9 13728  |a BO  |b BO  |d 2026-01-15  |i 2481  |l 0  |o DOC 616.891 KUS  |p BO2481  |r 2026-01-15 23:18:29  |w 2026-01-15  |x [Sebina 5] [1 v.]  |y BK  |z 1 v. 
999 |c 11807  |d 11807